000 00920nam a2200253 i 4500
001 bg
100 1 _aBARON-WIATEREK, Małgorzata
245 1 0 _aUstrojowo-prawne instrumenty polityki społecznej :
_bwybrane zagadnienia /
_cMałgorzata Baron-Wiaterek, Ernest Knosala, Hanna Walczak-Zaremba ; pod red. Małgorzaty Baron-Wiaterek.
260 _aGliwice :
_bWydaw. Politechniki Śląskiej,
_c2005.
300 _a169, [1] s. ;
_c24 cm.
504 _aBibliogr. s. 156-169.
650 9 _aPolityka społeczna
_zPolska
_yod 1989 r.
700 1 _aKNOSALA, Ernest
700 1 _aWALCZAK-ZAREMBA, Hanna
015 _aPB 13033/2005
020 _a8373352783
040 _cBPK
041 0 _apol
080 _a304(438)"1989/..."
920 _a83-7335-278-3
942 _cKS
008 s pl f |000 0 pol
999 _c46736
_d46736
856 _uhttp://koha.tu.koszalin.pl/cgi-bin/koha/opac-detail.pl?biblionumber=46736
_yKatalog online BPK